Flags of the world with only red and white (pictures) - Statistics

General Stats
  • This quiz has been taken 52 times
  • The average score is 14 of 16
Answer Stats
Picture Answer % Correct
Switzerland
100%
Canada
98%
Denmark
98%
Japan
98%
Georgia
95%
Poland
95%
Turkey
95%
Austria
90%
Indonesia
88%
Bahrain
85%
Monaco
83%
Tunisia
83%
Malta
80%
Peru
80%
Singapore
80%
Tonga
63%
No matching quizzes found
Score Distribution
Percent of People with Each Score
Percentile by Number Answered
Your Score History
You have not taken this quiz